000 00818cab a2200217 4500
001 ABS43065
008 090401t1990 xxu||||| |||| 00| 0 eng d
035 _a(Sirsi) u40263
041 _aeng
100 _aGarbett, C.
245 _aHigh tech for fine art auctions
260 _c1990
350 _a0
490 _aValuer (ISVA)
_v59(6) July 1990, 10(1)
520 _aThe author reviews four software packages of interest to professionals working in the fine art s and chattels auction sector: Fine Arts - Quadra Computer Services Ltd; Auction Control Packages - Prestige Data Systems; Forte McCallum Varey Ltd and Artefact-McCallum Varey Ltd.
650 _aAuctioneering
_96218
650 _aCOMPUTERS
690 _aMANAGEMENT-BUSINESS MANAGEMENT-INFORMATION MANAGEMENT
942 _n0
948 _c04/03/1997
999 _c25794
_d25794